[Event "USCL Week 6"]
[Site "Internet Chess Club"]
[Date "2015.09.29"]
[Round "?"]
[White "Gorman, Dov"]
[Black "Krush, Irina"]
[Result "0-1"]
[WhiteElo "2403"]
[BlackElo "2551"]
[PlyCount "116"]
[EventDate "2015.??.??"]

1. d4 Nf6 2. c4 e6 3. Nc3 Bb4 4. e3 b6 5. Nge2 Ba6 6. a3 Be7 7. Nf4 d5 8. b3
O-O 9. Be2 c6 10. O-O Nbd7 11. Bb2 Bd6 12. Re1 dxc4 13. bxc4 e5 14. Nh3 exd4
15. exd4 Qb8 16. g3 h6 17. Bf3 Qc7 18. Qa4 Bb7 19. Ne4 Nxe4 20. Bxe4 b5 21. Qc2
bxc4 22. Qxc4 Nf6 23. Bg2 Qd7 24. Qd3 Nd5 25. Bc1 Qd8 26. Bxd5 cxd5 27. Bf4 Be7
28. Bd2 Re8 29. Nf4 Qd7 30. Rab1 Bd6 31. Qf3 Re4 32. Qb3 Bc6 33. Be3 Bxf4 34.
Bxf4 Rxd4 35. Be5 Rc4 36. Qd3 Ba4 37. Rb2 Re8 38. Bc3 Rxe1+ 39. Bxe1 Bb5 40.
Qb3 a6 41. Rb1 d4 42. Rd1 Qd5 43. Bd2 d3 44. Rf1 Bc6 45. f3 Qd4+ 46. Kg2 Rc2
47. Qb8+ Kh7 48. Rf2 g5 49. h3 h5 50. Qf8 Bd5 51. h4 Rxd2 52. Rxd2 Qe3 53. Rf2
d2 54. hxg5 d1=Q 55. Qh6+ Kg8 56. Qxh5 Qde1 57. Rb2 Q1g1+ 58. Kh3 Be6+ 0-1

[Event "USCL Week 6"]
[Site "Internet Chess Club"]
[Date "2015.09.29"]
[Round "?"]
[White "Haskel, Jeffrey"]
[Black "Shmelov, Denys"]
[Result "0-1"]
[WhiteElo "2355"]
[BlackElo "2444"]
[PlyCount "122"]
[EventDate "2015.??.??"]

1. d4 Nf6 2. Nf3 g6 3. g3 Bg7 4. Bg2 O-O 5. O-O d5 6. Nbd2 Bf5 7. c4 c6 8. b3
a5 9. Bb2 Nbd7 10. h3 h6 11. Nh4 Ne4 12. cxd5 cxd5 13. Nxf5 gxf5 14. Rc1 Qb6
15. Nxe4 fxe4 16. Qc2 Bxd4 17. Bxd4 Qxd4 18. Rfd1 Qe5 19. Bxe4 Nf6 20. Bg2 e6
21. e3 Rfb8 22. Rd4 b5 23. Qc5 Kg7 24. a3 Rb7 25. e4 Raa7 26. f4 Qb8 27. Kh2
dxe4 28. Rcd1 Qc7 29. Qe5 Qxe5 30. fxe5 Nd7 31. Rxe4 Rc7 32. Rd3 Rc5 33. b4
axb4 34. axb4 Rc2 35. Kg1 Ra1+ 36. Bf1 Nf8 37. Rf3 Ng6 38. h4 h5 39. g4 Nxh4
40. Rf2 Rcc1 41. gxh5 Nf5 42. Ref4 Re1 43. Rxf5 exf5 44. Rxf5 Rab1 45. Kg2 Rxb4
46. Kf2 Rc1 47. Bd3 Rb2+ 48. Ke3 Re1+ 49. Kd4 b4 50. Bc4 Rd1+ 51. Kc5 Rd7 52.
Kc6 Ra7 53. h6+ Kxh6 54. Bxf7 Rc2+ 55. Kb6 Re7 56. Rf4 Kg5 57. Rf1 Rxe5 58. Rb1
Rc8 59. Kb7 Rf8 60. Bc4 Rf4 61. Rxb4 Rc5 0-1

[Event "USCL Week 6"]
[Site "Internet Chess Club"]
[Date "2015.09.29"]
[Round "?"]
[White "Cunningham, Robin"]
[Black "Balakrishnan, Praveen"]
[Result "1-0"]
[WhiteElo "2252"]
[BlackElo "2422"]
[PlyCount "209"]
[EventDate "2015.??.??"]

1. e4 c6 2. d4 d5 3. exd5 cxd5 4. c4 Nf6 5. Nc3 Nc6 6. Bg5 Be6 7. a3 Qd7 8. Be2
Rd8 9. Bxf6 exf6 10. cxd5 Bxd5 11. Nxd5 Qxd5 12. Nf3 Be7 13. O-O O-O 14. Rc1 f5
15. Bc4 Qa5 16. d5 Bf6 17. Qb3 Ne7 18. Rfd1 Rd7 19. d6 Nc8 20. Be6 Rdd8 21.
Bxc8 Rxc8 22. Rxc8 Rxc8 23. Qxb7 Rd8 24. d7 Qb6 25. Qxb6 axb6 26. b3 Kf8 27.
Kf1 Ke7 28. Nd4 Rxd7 29. Nxf5+ Ke6 30. Rxd7 Kxd7 31. Ke2 Bb2 32. a4 Kc6 33. Kd3
Kc5 34. Ne3 Be5 35. h3 Kb4 36. Kc2 Bd4 37. Nd5+ Kc5 38. Nf4 g6 39. f3 Be3 40.
Ne2 Kb4 41. Nc3 Bd4 42. Na2+ Ka3 43. Nc1 Be3 44. Ne2 Kb4 45. Nc3 Bd4 46. Ne4 h6
47. Nd6 f5 48. Nc4 Kc5 49. Kd3 Bg7 50. Ne3 b5 51. axb5 Kxb5 52. Nd5 Bf8 53. Nf4
g5 54. Nd5 Kc5 55. Ne3 f4 56. Nc2 Kd5 57. Nd4 Bc5 58. Ne2 h5 59. Nc3+ Ke5 60.
Ne4 Be7 61. b4 Bxb4 62. Nxg5 Be1 63. Kc4 Bh4 64. Ne4 Be7 65. Nf2 Bd6 66. Nd3+
Kf5 67. Kd5 Bb8 68. Nf2 Bc7 69. Ne4 Ba5 70. Nd6+ Kg5 71. Ke4 Bd2 72. Nf5 Be1
73. Nd4 Bd2 74. Ne2 Kh4 75. Kd3 Ba5 76. Kd4 Bc7 77. Kd5 Bb8 78. Ke4 Bc7 79. Kf5
Bb8 80. Kg6 Be5 81. Nc1 Bb8 82. Nb3 Ba7 83. Nd2 Bc5 84. Ne4 Be7 85. Nc3 Bd8 86.
Nb5 Kg3 87. Kxh5 Kxg2 88. Kg4 Bf6 89. Nc7 Be5 90. Nd5 Kf2 91. Nxf4 Ke3 92. Ng6
Bg7 93. h4 Bh6 94. h5 Kd4 95. Kf5 Kd5 96. Ne5 Kd4 97. Ng4 Bg7 98. h6 Bh8 99.
Nf6 Kc5 100. Ne8 Kc6 101. Ng7 Kd7 102. Kg6 Ke7 103. Kh7 Kf7 104. Kxh8 Kg6 105.
Nf5 1-0

[Event "USCL Week 6"]
[Site "Internet Chess Club"]
[Date "2015.09.29"]
[Round "?"]
[White "Zierk, Steven"]
[Black "Becerra, Julio"]
[Result "1-0"]
[WhiteElo "2562"]
[BlackElo "2616"]
[PlyCount "143"]
[EventDate "2015.??.??"]

1. e4 e5 2. Nf3 Nc6 3. Bb5 a6 4. Bxc6 dxc6 5. O-O Bg4 6. h3 h5 7. d3 Qf6 8.
Nbd2 Ne7 9. Re1 Ng6 10. d4 Nf4 11. hxg4 hxg4 12. g3 gxf3 13. Qxf3 Ne6 14. dxe5
Qh6 15. Nb3 g5 16. Be3 Bg7 17. Kf1 Bxe5 18. c3 O-O-O 19. Ke2 Qg7 20. Rad1 Rde8
21. Rh1 b6 22. Qf5 Kb7 23. Nd2 f6 24. Rxh8 Qxh8 25. Nc4 Qh5+ 26. Ke1 Qh1+ 27.
Ke2 Qh5+ 28. g4 Qh8 29. Nxe5 fxe5 30. Bxg5 Qg8 31. Bh6 Re7 32. f3 Rh7 33. Qf6
a5 34. b3 a4 35. Rh1 axb3 36. axb3 Nc5 37. Qxe5 Qxb3 38. Ke3 Qc2 39. Rh5 Qc1+
40. Ke2 Rxh6 41. Rxh6 Qxh6 42. g5 Qh3 43. Qf6 Qg2+ 44. Ke3 Qg1+ 45. Kf4 Nd3+
46. Kf5 Qg3 47. Ke6 Nf4+ 48. Kf7 Qxf3 49. Qf5 Qf1 50. e5 Qc4+ 51. e6 Nh5 52. g6
Ng3 53. Qe5 Ne4 54. g7 Qf1+ 55. Ke8 Qg2 56. Qxe4 Qxg7 57. Qf5 Qg8+ 58. Kd7 Qc8+
59. Ke7 Qg8 60. Qf7 Qh8 61. Qg6 Qxc3 62. Ke8 b5 63. e7 b4 64. Kf8 Qc5 65. Qd3
Qf2+ 66. Kg7 Qg1+ 67. Kf7 Qf2+ 68. Ke6 Qa2+ 69. Kd7 Qf7 70. Qe4 b3 71. Qb4+ Ka6
72. Kxc7 1-0

[Event "USCL Week 6"]
[Site "Internet Chess Club"]
[Date "2015.09.29"]
[Round "?"]
[White "Yanovsky, Vlad"]
[Black "Hoy, Andrew"]
[Result "1/2-1/2"]
[WhiteElo "2229"]
[BlackElo "2198"]
[PlyCount "146"]
[EventDate "2015.??.??"]

1. e4 c6 2. d4 d5 3. exd5 cxd5 4. c4 Nf6 5. Nc3 Nc6 6. Bg5 Qa5 7. Qd2 Be6 8. c5
g6 9. Nf3 Bg7 10. Bb5 h6 11. Bf4 a6 12. Bxc6+ bxc6 13. O-O Qd8 14. Ne5 g5 15.
Bg3 Rc8 16. Qe2 Nd7 17. Qxa6 Nxe5 18. Bxe5 Bxe5 19. dxe5 d4 20. Rfd1 Qc7 21.
Rxd4 Qxe5 22. Re4 Qf5 23. Rae1 O-O 24. Re5 Qc2 25. Qe2 Qxe2 26. R1xe2 Ra8 27.
a3 Rfd8 28. f3 Kg7 29. Kf2 Ra7 30. a4 Rb8 31. R5e4 Rab7 32. a5 Rxb2 33. Rxb2
Rxb2+ 34. Ke3 Rb7 35. Ra4 Ra7 36. Na2 Bb3 37. Ra3 Bc4 38. Kd4 Bb5 39. Nc3 Bf1
40. g3 f6 41. Ne4 e5+ 42. Kc3 Kf7 43. Nd6+ Ke6 44. Nc4 Be2 45. Kb4 f5 46. Nb6
Ra6 47. Re3 Bf1 48. Re1 Bd3 49. Rd1 e4 50. g4 fxg4 51. fxe4 Bxe4 52. Rd6+ Kf5
53. Rxh6 Ra7 54. Rh8 Kf4 55. Ra8 Rh7 56. a6 Rxh2 57. a7 Ra2 58. Rf8+ Ke3 59.
Na4 Bc2 60. a8=Q Rxa4+ 61. Qxa4 Bxa4 62. Kxa4 g3 63. Re8+ Kf3 64. Ka5 g2 65.
Re1 Kf2 66. Rd1 g1=Q 67. Rxg1 Kxg1 68. Kb6 g4 69. Kxc6 g3 70. Kb7 g2 71. c6 Kf1
72. c7 g1=Q 73. c8=Q Qg7+ 1/2-1/2

[Event "USCL Week 6"]
[Site "Internet Chess Club"]
[Date "2015.09.29"]
[Round "?"]
[White "Titus, Andrew"]
[Black "Rosenthal, Nicholas"]
[Result "0-1"]
[WhiteElo "2189"]
[BlackElo "2162"]
[PlyCount "160"]
[EventDate "2015.??.??"]

1. e4 e6 2. d4 d5 3. Nd2 Nf6 4. e5 Nfd7 5. Bd3 c5 6. c3 b6 7. Ne2 Ba6 8. Bb1
cxd4 9. cxd4 Nc6 10. Nf3 Bb4+ 11. Bd2 Bxd2+ 12. Qxd2 Na5 13. b3 Rc8 14. O-O g6
15. Re1 Qc7 16. Bd3 Bxd3 17. Qxd3 Qb7 18. Ng5 Nb8 19. Rac1 Nbc6 20. Qh3 h5 21.
Qf3 Qe7 22. h4 Rc7 23. Rc3 Kd8 24. Rec1 Kc8 25. g3 Kb8 26. Kg2 Rhc8 27. Qf4 Nd8
28. Rxc7 Rxc7 29. Rxc7 Qxc7 30. Qc1 Qxc1 31. Nxc1 Nac6 32. Nf3 Kc7 33. Ne2 a6
34. Nd2 Nb4 35. f3 Ndc6 36. g4 Nc2 37. gxh5 gxh5 38. Ng3 N2xd4 39. f4 Ne7 40.
Nxh5 Ng6 41. Kh3 Nf5 42. Nf3 d4 43. Ng3 Ne3 44. Nxd4 Nxf4+ 45. Kh2 Ng4+ 46. Kg1
Nxe5 47. Kf2 Kd6 48. h5 Kd5 49. Nde2 Nxe2 50. Kxe2 Ng4 51. Kf3 Nh6 52. Kf4 f6
53. Ne2 e5+ 54. Ke3 f5 55. Nc3+ Kd6 56. b4 Nf7 57. Na4 Kc6 58. Nc3 b5 59. a3
Kd6 60. Kf3 Ke6 61. a4 Nd6 62. a5 Ne8 63. h6 Nf6 64. Nxb5 e4+ 65. Kg3 Ke5 66.
Nc3 f4+ 67. Kg2 f3+ 68. Kf1 e3 69. Ne2 fxe2+ 70. Kxe2 Kd5 71. b5 axb5 72. Kxe3
Ng4+ 73. Kd3 Nxh6 74. Kc3 Kc6 75. Kb4 Nf7 76. a6 Nd6 77. Ka5 Kc7 78. Kb4 Kb6
79. a7 Kxa7 80. Kc5 Ka6 0-1

[Event "USCL Week 6"]
[Site "Internet Chess Club"]
[Date "2015.09.29"]
[Round "?"]
[White "Akobian, Varuzhan"]
[Black "So, Wesley"]
[Result "1/2-1/2"]
[WhiteElo "2721"]
[BlackElo "2847"]
[PlyCount "139"]
[EventDate "2015.??.??"]

1. d4 Nf6 2. c4 e6 3. Nc3 Bb4 4. Qc2 O-O 5. Nf3 d5 6. a3 Bxc3+ 7. Qxc3 dxc4 8.
Qxc4 b6 9. Bg5 Ba6 10. Qa4 Qd7 11. Qc2 c5 12. Bxf6 gxf6 13. dxc5 Rc8 14. Rd1
Qb5 15. e3 Qxc5 16. Qxc5 bxc5 17. Be2 Kf8 18. Nd2 Bb7 19. f3 Ke7 20. Kf2 Nd7
21. e4 Bc6 22. Rc1 Rab8 23. b3 Bb5 24. Rc3 Rc6 25. Bxb5 Rxb5 26. Rhc1 Ra6 27.
Nc4 Rb7 28. a4 Nb6 29. Nd2 Nd7 30. f4 Rd6 31. Ke3 Rd4 32. g3 e5 33. f5 h5 34.
Nc4 Rb4 35. Kf3 Rb8 36. h3 Kf8 37. Ne3 Rdb4 38. Rd3 Rd4 39. Rdc3 Rdb4 40. Rd3
R8b7 41. Rcc3 Rd4 42. Nd5 Kg7 43. Ke3 a5 44. Kf3 c4 45. bxc4 Nc5 46. Rxd4 exd4
47. Ra3 Nd7 48. Ke2 Nc5 49. Kf3 Rb2 50. Nf4 Nd7 51. Nd3 Rc2 52. c5 Ne5+ 53. Kf4
Nd7 54. g4 hxg4 55. hxg4 Nxc5 56. e5 Nd7 57. exf6+ Nxf6 58. g5 Nd5+ 59. Ke4 Nb6
60. Rb3 Nxa4 61. Rb7 Rc8 62. g6 Rf8 63. Ra7 Nc3+ 64. Kf4 Nb5 65. Rxa5 fxg6 66.
Rxb5 Rxf5+ 67. Rxf5 gxf5 68. Kxf5 Kf7 69. Ke5 Kg7 70. Kxd4 1/2-1/2

[Event "USCL Week 6"]
[Site "Internet Chess Club"]
[Date "2015.09.29"]
[Round "?"]
[White "Bartholomew, John"]
[Black "Kannappan, Priyadharshan"]
[Result "0-1"]
[WhiteElo "2555"]
[BlackElo "2567"]
[PlyCount "144"]
[EventDate "2015.??.??"]

1. d4 e6 2. c4 f5 3. g3 Nf6 4. Bg2 d5 5. Nh3 c6 6. Qc2 Bd6 7. Bf4 O-O 8. O-O
Be7 9. Nd2 Nh5 10. Nf3 Nxf4 11. Nxf4 Bd6 12. Nd3 Nd7 13. b4 Qe7 14. c5 Bc7 15.
Qb2 Re8 16. Nfe5 Nxe5 17. dxe5 Bd7 18. a4 b6 19. Rfc1 Reb8 20. Qd4 a5 21. b5
Bd8 22. bxc6 Bxc6 23. g4 g6 24. gxf5 gxf5 25. Kh1 Kh8 26. cxb6 Bxb6 27. Qf4 Bd7
28. Rab1 Ba7 29. Bf3 Rxb1 30. Rxb1 Rb8 31. Rxb8+ Bxb8 32. Qd4 Be8 33. Qb2 Ba7
34. Qc3 Bb6 35. Qc8 Qd7 36. Qb8 Ba7 37. Qa8 Kg7 38. Nf4 Bxf2 39. Qxa5 Be3 40.
Qb4 Bf7 41. a5 Qc7 42. Nd3 Qc2 43. Qe1 Kf8 44. Kg2 Qa4 45. Qb4+ Qxb4 46. Nxb4
Ke7 47. a6 Kd7 48. Nc2 Bc5 49. e3 Kc7 50. Be2 Kb6 51. Kg3 Be8 52. Nd4 Bd7 53.
Kf4 h6 54. Nb3 Be7 55. Nd4 Bc5 56. Nb3 Ba3 57. Nd4 Bb2 58. Bd3 Bc8 59. h4 Bxd4
60. exd4 Bxa6 61. Bxf5 exf5 62. Kxf5 h5 63. Kg6 Be2 64. e6 Kc7 65. e7 Bb5 66.
Kxh5 Kd6 67. Kg5 Kxe7 68. h5 Bd3 69. Kf4 Kf6 70. Ke3 Bc2 71. Kf4 Bd1 72. h6 Kg6
0-1

[Event "USCL Week 6"]
[Site "Internet Chess Club"]
[Date "2015.09.30"]
[Round "?"]
[White "Tiglon, Bryce"]
[Black "Cortez, Armando"]
[Result "1-0"]
[WhiteElo "2305"]
[BlackElo "1995"]
[PlyCount "43"]
[EventDate "2015.??.??"]

1. e4 c5 2. Nf3 e6 3. d4 cxd4 4. Nxd4 a6 5. Bd3 Qc7 6. O-O Nf6 7. Nc3 Nc6 8.
Nxc6 bxc6 9. Qe2 Bb4 10. e5 Nd5 11. Nxd5 cxd5 12. Qg4 Bf8 13. Re1 g6 14. Bg5
Bg7 15. Qb4 Bf8 16. Qh4 Bg7 17. Re3 d6 18. Bf6 O-O 19. Rh3 h5 20. Bxg7 Kxg7 21.
Qf6+ Kh6 22. Be2 1-0

[Event "USCL Week 6"]
[Site "Internet Chess Club"]
[Date "2015.09.30"]
[Round "?"]
[White "Corallo, Michael"]
[Black "Riordan, Charles"]
[Result "1/2-1/2"]
[WhiteElo "2359"]
[BlackElo "2342"]
[PlyCount "65"]
[EventDate "2015.??.??"]

1. e4 c5 2. Nf3 e6 3. d4 cxd4 4. Nxd4 Nc6 5. Nc3 Qc7 6. f4 Nxd4 7. Qxd4 b6 8.
Bd2 Bb7 9. O-O-O Rc8 10. Bd3 Nf6 11. Qe3 a6 12. Qe2 b5 13. e5 Nd5 14. Kb1 Be7
15. Ne4 O-O 16. h4 f5 17. Ng5 Nb4 18. Bxb4 Bxb4 19. Qh5 h6 20. Qg6 hxg5 21.
hxg5 Be4 22. Rh8+ Kxh8 23. Qh5+ Kg8 24. g6 Rf7 25. Rh1 Kf8 26. Qh8+ Ke7 27.
Qh4+ Ke8 28. gxf7+ Kxf7 29. Qh5+ Kg8 30. Qh8+ Kf7 31. Qh5+ Kg8 32. Qh8+ Kf7 33.
Qh5+ 1/2-1/2

[Event "USCL Week 6"]
[Site "Internet Chess Club"]
[Date "2015.09.30"]
[Round "?"]
[White "Times, Lawyer"]
[Black "Cheng, Xiao"]
[Result "1-0"]
[WhiteElo "2239"]
[BlackElo "2323"]
[PlyCount "113"]
[EventDate "2015.??.??"]

1. d4 Nf6 2. Nf3 g6 3. g3 Bg7 4. Bg2 O-O 5. O-O d6 6. c4 c6 7. Nc3 Qa5 8. h3
Be6 9. d5 cxd5 10. Nd4 Bd7 11. cxd5 Rc8 12. Nb3 Qd8 13. Be3 Na6 14. Rc1 h5 15.
Qd2 Rc4 16. Nd4 h4 17. b3 Rc5 18. Nf3 Rxc3 19. Qxc3 hxg3 20. fxg3 Nxd5 21. Qd2
Nxe3 22. Qxe3 Nc5 23. h4 Ne6 24. Kh2 Qa5 25. Rc2 Qh5 26. Rc4 d5 27. Rc2 d4 28.
Qf2 Rf8 29. Bh3 Bc6 30. Ne1 Be4 31. Nd3 g5 32. Bf5 Bd5 33. Bh3 Be4 34. Bf5 Bd5
35. Rg1 a5 36. g4 Qxh4+ 37. Qxh4 gxh4 38. g5 Nd8 39. Kh3 e6 40. Bg4 Nc6 41.
Kxh4 Nb4 42. Nxb4 axb4 43. Bf3 Rd8 44. Bxd5 Rxd5 45. Rc4 Bf8 46. Rc7 Rf5 47. g6
Rf4+ 48. Kh3 fxg6 49. Rxg6+ Kh8 50. Rxe6 Rf5 51. Rxb7 Rh5+ 52. Kg4 Rh1 53. Re8
Rg1+ 54. Kf3 Kg8 55. Rbb8 Rf1+ 56. Ke4 Kg7 57. Rxf8 1-0

[Event "USCL Week 6"]
[Site "Internet Chess Club"]
[Date "2015.09.30"]
[Round "?"]
[White "Winer, Steven"]
[Black "Francisco, Richard"]
[Result "1-0"]
[WhiteElo "2425"]
[BlackElo "2391"]
[PlyCount "115"]
[EventDate "2015.??.??"]

1. Nf3 Nf6 2. c4 e6 3. g3 a6 4. b3 b5 5. Nc3 c6 6. Bg2 d5 7. d4 Bd6 8. O-O Nbd7
9. Qc2 Bb7 10. e4 dxe4 11. Nxe4 Nxe4 12. Qxe4 Nf6 13. Qe2 O-O 14. Ne5 Rc8 15.
Rd1 h6 16. Bf4 Qe7 17. Nd3 Bxf4 18. Nxf4 Rfd8 19. d5 cxd5 20. cxd5 g5 21. d6
Qd7 22. Bxb7 Qxb7 23. Nh5 Nxh5 24. Qxh5 Kg7 25. Qe2 Rc5 26. Rd3 Qc6 27. Rad1
Rd7 28. h4 Rd5 29. Rxd5 exd5 30. hxg5 hxg5 31. Qh5 Rxd6 32. Qxg5+ Kf8 33. Rd4
Qd7 34. Rh4 Rg6 35. Qe5 Qe6 36. Qb8+ Ke7 37. Rh8 Qe1+ 38. Kg2 Qe4+ 39. Kh2 Kf6
40. Qd8+ Kg7 41. Rh4 Rh6 42. Qg5+ Qg6 43. Qxh6+ Qxh6 44. Rxh6 Kxh6 45. Kg2 Kg5
46. f3 Kf5 47. Kf2 Ke5 48. Ke3 d4+ 49. Kd3 Kd5 50. f4 Kc5 51. g4 a5 52. g5 Kb4
53. f5 Ka3 54. g6 fxg6 55. fxg6 Kxa2 56. g7 Kxb3 57. g8=Q+ Ka3 58. Qd5 1-0

[Event "USCL Week 6"]
[Site "Internet Chess Club"]
[Date "2015.09.30"]
[Round "?"]
[White "Ramachandran, Karthik"]
[Black "Hernandez, Alberto"]
[Result "1/2-1/2"]
[WhiteElo "2215"]
[BlackElo "2321"]
[PlyCount "61"]
[EventDate "2015.??.??"]

1. c4 c5 2. Nc3 Nc6 3. g3 g6 4. Bg2 Bg7 5. Nf3 Nh6 6. h4 Nf5 7. h5 d6 8. d3 Rb8
9. hxg6 hxg6 10. Rxh8+ Bxh8 11. Bf4 a6 12. Qd2 Bd7 13. e4 Nfd4 14. Nxd4 Nxd4
15. O-O-O Bg4 16. Rh1 Kd7 17. Kb1 b5 18. cxb5 Nxb5 19. Nxb5 Rxb5 20. e5 dxe5
21. Bg5 Be6 22. Qc3 Bg7 23. a4 Ra5 24. Rh4 c4 25. Rxc4 Bxc4 26. Qxc4 Qb6 27.
Qxf7 Bf6 28. Bh3+ Kc7 29. Qe8 Bxg5 30. Qc8+ Kd6 31. Qe6+ 1/2-1/2

[Event "USCL Week 6"]
[Site "Internet Chess Club"]
[Date "2015.09.30"]
[Round "?"]
[White "Baker, Bruce"]
[Black "Mareddy, Seetharam"]
[Result "1-0"]
[WhiteElo "2329"]
[BlackElo "1879"]
[PlyCount "35"]
[EventDate "2015.??.??"]

1. e4 Nf6 2. e5 Nd5 3. d4 d6 4. Nf3 Nc6 5. c4 Nb6 6. e6 fxe6 7. Nc3 g6 8. h4 e5
9. d5 Nb4 10. a3 Na6 11. Ng5 h6 12. Bd3 Rg8 13. Nh7 Kf7 14. h5 g5 15. Qf3+ Kg7
16. Nxg5 hxg5 17. h6+ Kh8 18. Qe4 1-0

[Event "USCL Week 6"]
[Site "Internet Chess Club"]
[Date "2015.09.30"]
[Round "?"]
[White "Gurevich, Daniel"]
[Black "Katz, Alexander"]
[Result "1-0"]
[WhiteElo "2449"]
[BlackElo "2464"]
[PlyCount "150"]
[EventDate "2015.??.??"]

1. e4 d6 2. d4 Nf6 3. Nc3 g6 4. Nf3 Bg7 5. Be2 O-O 6. O-O c6 7. a4 Qc7 8. h3 e5
9. dxe5 dxe5 10. Be3 Nbd7 11. a5 Rd8 12. Qc1 Nf8 13. Rd1 Rxd1+ 14. Qxd1 Ne6 15.
Bc4 Bf8 16. Qb1 Bb4 17. Na4 Bxa5 18. b4 b5 19. Bxe6 Bxe6 20. Nc5 Bb6 21. Nxe6
fxe6 22. Bxb6 Qxb6 23. Qb2 Nxe4 24. Qxe5 Qxf2+ 25. Kh2 Nd2 26. Qxe6+ Kh8 27.
Qe5+ Kg8 28. Nxd2 Qxd2 29. Qe6+ Kh8 30. Qxc6 Rd8 31. Qf6+ Kg8 32. Rxa7 Qd6+ 33.
Qxd6 Rxd6 34. Rb7 Rc6 35. Rxb5 Rxc2 36. Kg3 h5 37. Rb7 Rc4 38. b5 Rb4 39. Kf3
Kf8 40. g4 Rb3+ 41. Kf4 Rxh3 42. g5 h4 43. Kg4 Rh1 44. b6 h3 45. Kg3 h2 46. Kg2
Rb1 47. Kxh2 Rb5 48. Kh3 Ke8 49. Kg4 Rb4+ 50. Kf3 Rb5 51. Kf4 Rf5+ 52. Kg4 Rb5
53. Rb8+ Kf7 54. Kf4 Kg7 55. Rb7+ Kf8 56. Ke4 Ke8 57. Rb8+ Kd7 58. b7 Kc7 59.
Rg8 Kxb7 60. Rxg6 Kc7 61. Kf4 Kd7 62. Rf6 Ke7 63. Kg4 Rb1 64. Kh5 Rh1+ 65. Kg6
Rg1 66. Rf2 Ke8 67. Kh6 Rh1+ 68. Kg7 Rg1 69. g6 Ke7 70. Kh7 Rh1+ 71. Kg8 Rg1
72. g7 Rh1 73. Re2+ Kd7 74. Re4 Rh2 75. Kf7 Rf2+ 1-0

[Event "USCL Week 6"]
[Site "Internet Chess Club"]
[Date "2015.09.30"]
[Round "?"]
[White "Ruiz, Joshua"]
[Black "Feng, Roland"]
[Result "1/2-1/2"]
[WhiteElo "2491"]
[BlackElo "2365"]
[PlyCount "87"]
[EventDate "2015.??.??"]

1. e4 e6 2. d4 d5 3. Nc3 dxe4 4. Nxe4 Nd7 5. Nf3 Ngf6 6. Bg5 h6 7. Nxf6+ Nxf6
8. Bf4 Bd6 9. Be5 O-O 10. Be2 Nd7 11. O-O b6 12. Qd2 Bb7 13. Rad1 Qe7 14. Qf4
Rad8 15. c3 Bxe5 16. dxe5 Bxf3 17. Bxf3 Nc5 18. b4 Nd3 19. Qe3 Nb2 20. Rxd8
Rxd8 21. Qe2 Nd3 22. Bc6 Nf4 23. Qe4 Qg5 24. g3 Ng6 25. f4 Qh5 26. Qc2 Ne7 27.
Bf3 Qf5 28. Be4 Qh5 29. Rf3 g5 30. Rd3 Rxd3 31. Qxd3 gxf4 32. gxf4 Kg7 33. Qg3+
Ng6 34. Bxg6 fxg6 35. Kf2 Qd1 36. Qe3 Qc2+ 37. Kg3 Kf7 38. Qd4 Ke7 39. Qc4 Kd7
40. Qb5+ Kd8 41. Qc4 Qf5 42. Qd4+ Kc8 43. a4 h5 44. h3 1/2-1/2

[Event "USCL Week 6"]
[Site "Internet Chess Club"]
[Date "2015.09.30"]
[Round "?"]
[White "Lebovitz, Andrew"]
[Black "Critelli, James"]
[Result "0-1"]
[WhiteElo "2157"]
[BlackElo "2376"]
[PlyCount "60"]
[EventDate "2015.??.??"]

1. c4 e5 2. g3 Nc6 3. Nc3 f5 4. Nf3 e4 5. Nh4 g6 6. d3 exd3 7. Qxd3 Bg7 8. Bg2
Nf6 9. O-O O-O 10. c5 Qe7 11. Bf4 Ne5 12. Nd5 Nxd5 13. Qxd5+ Kh8 14. Nf3 c6 15.
Qd6 Qxd6 16. cxd6 Nxf3+ 17. exf3 Bxb2 18. Rae1 Bf6 19. Bh6 Rd8 20. h4 b6 21.
Re3 Ba6 22. Rfe1 Bc4 23. a3 b5 24. f4 a5 25. Bh3 b4 26. a4 b3 27. g4 b2 28. g5
Bd4 29. Re7 Rab8 30. Kh2 b1=Q 0-1

[Event "USCL Week 6"]
[Site "Internet Chess Club"]
[Date "2015.09.30"]
[Round "?"]
[White "Baryshpolets, Andrey"]
[Black "Kiewra, Keaton"]
[Result "1-0"]
[WhiteElo "2608"]
[BlackElo "2517"]
[PlyCount "67"]
[EventDate "2015.??.??"]

1. d4 d5 2. c4 e6 3. Nf3 Nf6 4. Nc3 Be7 5. Bf4 O-O 6. e3 b6 7. Rc1 c5 8. dxc5
bxc5 9. Be2 Nc6 10. O-O d4 11. exd4 cxd4 12. Nb5 Bc5 13. Ne5 Bb7 14. Bf3 Rc8
15. b4 Bxb4 16. Bxc6 Bxc6 17. Nxa7 Be4 18. Nxc8 Ba3 19. f3 Bxc1 20. Qxc1 Qxc8
21. fxe4 Nxe4 22. Re1 Nc3 23. Be3 f6 24. Bxd4 Nxa2 25. Qe3 fxe5 26. Qxe5 Qd7
27. Ra1 Rd8 28. Bb6 Ra8 29. h3 h6 30. Bf2 Ra4 31. Qb8+ Kf7 32. Qb3 Qc6 33. Rxa2
Rxc4 34. Ra7+ 1-0

[Event "USCL Week 6"]
[Site "Internet Chess Club"]
[Date "2015.09.30"]
[Round "?"]
[White "Stukopin, Andrey"]
[Black "Lee, Michael"]
[Result "1-0"]
[WhiteElo "2682"]
[BlackElo "2503"]
[PlyCount "67"]
[EventDate "2015.??.??"]

1. e4 c5 2. Nf3 Nc6 3. Nc3 g6 4. d4 Bg7 5. dxc5 Bxc3+ 6. bxc3 Qa5 7. Bd3 Qxc3+
8. Bd2 Qxc5 9. Rb1 Nf6 10. Rb5 Qa3 11. e5 Nh5 12. Qa1 O-O 13. O-O a6 14. Rb3
Qc5 15. Be3 Qa5 16. Bb6 Qa4 17. Re1 f5 18. Qc3 Nf4 19. Bc4+ e6 20. Rd1 Ne7 21.
Bc5 Ned5 22. Qd4 b5 23. Bf1 Re8 24. Qd2 b4 25. g3 Qc6 26. Bd6 Nc3 27. Rxc3 bxc3
28. Qxf4 Bb7 29. Bg2 Qe4 30. Qh6 Qxc2 31. Rc1 Qe4 32. Nh4 Qd3 33. Bxb7 Rab8 34.
Nf3 1-0

[Event "USCL Week 6"]
[Site "Internet Chess Club"]
[Date "2015.09.30"]
[Round "?"]
[White "Kaufman, Ray"]
[Black "Vazquez, Guillermo"]
[Result "1/2-1/2"]
[WhiteElo "2333"]
[BlackElo "2546"]
[PlyCount "99"]
[EventDate "2015.??.??"]

1. d4 Nf6 2. c4 e6 3. Nc3 Bb4 4. Qc2 d5 5. cxd5 exd5 6. Bg5 c5 7. dxc5 h6 8.
Bh4 O-O 9. e3 Be6 10. Bd3 Nbd7 11. a3 Bxc5 12. Nge2 Rc8 13. O-O Ne5 14. Rfd1
Qe7 15. Bh7+ Kh8 16. Bf5 Bb6 17. Bg3 Nc4 18. Bxe6 Qxe6 19. Nf4 Qg4 20. Nfxd5
Nxd5 21. Rxd5 Rfe8 22. h3 Nxe3 23. Qd3 Qxg3 24. fxg3 Nxd5+ 25. Kh2 Nxc3 26.
bxc3 Re3 27. Qf5 Rf8 28. Rf1 Rxc3 29. Qe5 Re3 30. Qd6 Kg8 31. a4 Rd8 32. Qf4
Re7 33. Qb4 Re5 34. Qc4 Re7 35. Qb4 Red7 36. Qb5 Rd5 37. Qb3 R8d7 38. Rc1 Rd8
39. Rc8 Rxc8 40. Qxd5 Rc5 41. Qxb7 f6 42. h4 Re5 43. g4 Kh7 44. Qd7 Kg8 45.
Qc8+ Kh7 46. Qc2+ Kg8 47. Qc4+ Kh7 48. Qc2+ Kg8 49. Qc4+ Kh7 50. Qc2+ 1/2-1/2

[Event "USCL Week 6"]
[Site "Internet Chess Club"]
[Date "2015.09.30"]
[Round "?"]
[White "Lee, Andy"]
[Black "Atoufi, Pedram"]
[Result "0-1"]
[WhiteElo "2392"]
[BlackElo "2368"]
[PlyCount "64"]
[EventDate "2015.??.??"]

1. d4 Nf6 2. Nf3 g6 3. c4 Bg7 4. Nc3 d6 5. e4 O-O 6. Be2 Na6 7. O-O e5 8. Be3
Ng4 9. Bg5 Qe8 10. h3 exd4 11. Nxd4 Nf6 12. Re1 Nxe4 13. Bf3 Nxg5 14. Rxe8 Rxe8
15. Ndb5 c6 16. Na3 Bxh3 17. Bg4 Bxg4 18. Qxg4 Ne4 19. Qf3 Nxc3 20. bxc3 Nc5
21. Rd1 Re4 22. g3 Rae8 23. Nc2 Rxc4 24. Ne3 Rxc3 25. Qf4 Nd3 26. Qxd6 Nxf2 27.
Kxf2 Rcxe3 28. Qc7 Re2+ 29. Kf1 Be5 30. Qxb7 Bxg3 31. Rd3 Rf2+ 32. Kg1 Re1# 0-1

[Event "USCL Week 6"]
[Site "Internet Chess Club"]
[Date "2015.09.30"]
[Round "?"]
[White "Xiong, Jeffery"]
[Black "Sevillano, Enrico"]
[Result "1-0"]
[WhiteElo "2616"]
[BlackElo "2526"]
[PlyCount "69"]
[EventDate "2015.??.??"]

1. e4 c6 2. d4 g6 3. Nf3 d5 4. Nc3 Bg7 5. h3 dxe4 6. Nxe4 Nf6 7. Nxf6+ exf6 8.
Bc4 O-O 9. O-O Nd7 10. Re1 Nb6 11. Bd3 Be6 12. b3 Qd7 13. Ba3 Rfe8 14. c4 f5
15. Qd2 Rad8 16. Rad1 Qc7 17. Bf1 h6 18. Bb2 Qb8 19. Qc1 f6 20. d5 Bf7 21.
Rxe8+ Rxe8 22. Qa1 cxd5 23. c5 Nd7 24. Bb5 Qc7 25. Bxd7 Qxd7 26. Bxf6 Bf8 27.
Qc1 Rc8 28. Ba1 Bg7 29. Bxg7 Kxg7 30. Qc3+ Kg8 31. Re1 Re8 32. Rxe8+ Qxe8 33.
Qf6 Qe4 34. Ne5 Be8 35. Qe7 1-0

[Event "USCL Week 6"]
[Site "Internet Chess Club"]
[Date "2015.09.30"]
[Round "?"]
[White "Liu, Elliott"]
[Black "Metpally, Jason"]
[Result "1-0"]
[WhiteElo "2329"]
[BlackElo "2085"]
[PlyCount "75"]
[EventDate "2015.??.??"]

1. e4 e6 2. d3 c5 3. Nf3 Nc6 4. g3 d5 5. Nbd2 Nf6 6. Bg2 g6 7. O-O Bg7 8. Nh4
O-O 9. f4 Qc7 10. c3 b6 11. e5 Nd7 12. Ndf3 Ba6 13. Rf2 Rac8 14. Be3 f6 15. d4
cxd4 16. cxd4 Qb7 17. Rc1 Nb4 18. Rc3 Bc4 19. a3 Na2 20. Rxc4 Rxc4 21. Qb1 Nc3
22. bxc3 Rxc3 23. Bd2 Rc6 24. Bf1 a6 25. a4 f5 26. g4 Kh8 27. Ng5 Rb8 28. Rg2
Nf8 29. gxf5 gxf5 30. Qd1 b5 31. axb5 axb5 32. Qh5 b4 33. Bxb4 Qxb4 34. Nf7+
Kg8 35. Nh6+ Kh8 36. Qf7 Ng6 37. Qg8+ Rxg8 38. Nf7# 1-0